A Princesa de Gelo (Record no. 46017)
[ view plain ]
| 000 -Etiqueta do registo | |
|---|---|
| Valores | 00434nam a2200169 4500 |
| 100 ## - Dados gerais de processamento | |
| Dados gerais | 20260421 pory50 |
| 101 ## - Língua de publicação | |
| Língua | por |
| 102 ## - País de publicação | |
| País | PT |
| 200 ## - Titulo e menção de responsabilidade | |
| Título próprio | A Princesa de Gelo |
| Primeira menção de responsabilidade | Camila Läckberg |
| Outras menções de responsabilidade | trad. Ricardo Gonçalves |
| 205 ## - Menção da edição | |
| Edição | 5.ª ed. [2.ª da D. Quixote] |
| 210 ## - Publicação | |
| Local de publicação | Alfragide |
| Nome do editor | Publicações dom Quixote |
| Data de publicação | 2010 |
| 215 ## - Descrição física | |
| Paginação / Volumes | 399 p. |
| 675 ## - CDU | |
| Notação | 82-31 |
| 801 ## - Fonte de origem | |
| País | PT |
| Regras de catalogação | RPC |
| 990 ## - Elementos KOHA | |
| Tipo de documento | Livro |
| Aquisição | Empréstimo | Código de barras | Cota | Permissão de empréstimo | Tipo de documento |
|---|---|---|---|---|---|
| Biblioteca Escolar Doutor Hernâni Cidade | Biblioteca Escolar Doutor Hernâni Cidade | 82865 | 82-31 LAC ROMANCE | Livro |